000 00571nam a22001817a 4500
003 OSt
005 20260504081334.0
008 260504b |||||||| |||| 00| 0 eng d
020 _a981-240-312-4
040 _aDWC-Main lib
_cOC
082 _211th edition
_aGL. 808.51 V583c 2000
100 _aVerderber, Rudolf F.
245 _aThe challenge of effective speaking /
_cRudolf F. Verderber
260 _aThomson Learning
_cc2000.
300 _axxviii, 372 pages :
_billustration ;
_c25 cm.
650 _a1. Public speaking
942 _2ddc
_cBK-CIRC
_e11th ed.
_hCirc.
_n0
999 _c10218
_d10218